La "reconciliación" en la iglesia primitiva: sugerencias para la teología y la pastoral de nuestros días (Registro nro. 69708)
[ vista simple ]
| 000 -LÍDER | |
|---|---|
| Campo fijo de descripción fija | 01315nab a2200241 i 4500 |
| 001 - NÚMERO DE CONTROL | |
| Campo de control | 768714001 |
| 003 - IDENTIFICADOR DEL NÚMERO DE CONTROL | |
| Campo de control | CO-MdFUSB |
| 005 - FECHA Y HORA DE LA ULTIMA TRANSACCIÓN | |
| control field | 20240515094355.0 |
| 008 - ELEMENTOS DE LONGITUD FIJA -- INFORMACIÓN GENERAL | |
| Campo fijo de descripción fija -- Información general | 240515t1971 sp ||||| |||| 00| 0 spa d |
| 040 ## - FUENTE DE CATALOGACIÓN | |
| Idioma de catalogación | spa |
| Agencia que realiza la transcripción | CO-MdFUSB |
| Agencia que realiza la modificación | CO-MdFUSB |
| 041 ## - CÓDIGO DE IDIOMA | |
| Código de idioma para texto/pista de sonido o título separado | spa |
| 100 ## - ASIENTO PRINCIPAL--NOMBRE PERSONAL | |
| Nombre personal | Ramos-Regidor, José, |
| Término relacionador | autor |
| 245 #3 - TÍTULO | |
| Título | La "reconciliación" en la iglesia primitiva: sugerencias para la teología y la pastoral de nuestros días |
| Mención de responsabilidad | / José Ramos-Regidor |
| 520 ## - NOTA DE RESUMEN, ETC. | |
| Nota de sumario, etc. | La renovación teológica y pastoral del sacramento de la penitencia exige que se tenga presente su origen e historia.<br/>La finalidad de estas páginas es: 1) Exponer brevemente una síntesis de la praxis penitencial de la Iglesia primitiva (hasta el siglo VI); 2) Explicitar algunas de las sugerencias que esa praxis puede ofrecer a la teología y a la pastoral contemporáneas |
| 650 #0 - ASIENTO SECUNDARIO DE MATERIA - TERMINO TEMÁTICO | |
| Término temático o nombre geográfico como elemento de entrada | Dogma |
| 9 (RLIN) | 205 |
| 650 #7 - ASIENTO SECUNDARIO DE MATERIA - TERMINO TEMÁTICO | |
| Término temático o nombre geográfico como elemento de entrada | Reconciliación |
| 9 (RLIN) | 2118 |
| 650 #7 - ASIENTO SECUNDARIO DE MATERIA - TERMINO TEMÁTICO | |
| Término temático o nombre geográfico como elemento de entrada | Iglesia |
| Subdivisión general | Historia |
| Subdivisión cronológica | (Iglesia primitiva), ca. 0030-0600 |
| 9 (RLIN) | 659 |
| 650 #7 - ASIENTO SECUNDARIO DE MATERIA - TERMINO TEMÁTICO | |
| Término temático o nombre geográfico como elemento de entrada | Sacramentos |
| 9 (RLIN) | 470 |
| 653 ## - TÉRMINO DE INDIZACIÓN - NO CONTROLADO | |
| Término no controlado | Administración sacramental de la reconciliación |
| 773 0# - ASIENTO DE ITEM FUENTE | |
| Biblionumber | 49450 |
| Itemnumber | 82628 |
| Otro identificador del ítem | R2551 |
| Título | Revista internacional de teología Concilium |
| Número de control del registro | (CO-MdFUSB)8 |
| Número Internacional Normalizado para Publicaciones Seriadas (ISSN) | 0210-1041 |
| Parte(s) relacionada(s) / Volumen., número. (mes año), páginas | Número 61, (enero, 1971), páginas: 74 - 87 |
| Enumeración y primera página | página: 87 |
| 942 ## - TIPO DE MATERIAL (KOHA) | |
| Tipo de Item KOHA | Artículos de Revista |
| 945 ## - INFORMACIÓN LOCAL DEL REGISTRO | |
| Catalogador | Catherine Arias Alvarez - Practicante SENA |
No hay ítems disponibles.
